| Tag |
First Indicator |
Second Indicator |
Subfields |
| LEADER |
00000cam a2200000 a 4500 |
| 001 |
in00001616632 |
| 005 |
20151023060852.0 |
| 008 |
010717s1985 gw a j 000 f ger c |
| 020 |
|
|
|a 3570027430
|
| 035 |
|
|
|a (OCoLC)ocm47360788
|
| 040 |
|
|
|a TXA
|c TXA
|d UtOrBLW
|
| 042 |
|
|
|a pcc
|
| 043 |
|
|
|a e-gx---
|
| 049 |
|
|
|a TXAM
|
| 050 |
|
4 |
|a PT2662.A694
|b S36 1985
|
| 100 |
1 |
|
|a Bartos-Höppner, Barbara,
|d 1923-
|
| 245 |
1 |
0 |
|a Schnüpperle :
|b vierundzwanzig Geschichten für die Weihnachtszeit /
|c Barbara Bartos-Höppner.
|
| 264 |
|
1 |
|a München :
|b C. Bertelsmann,
|c [1985]
|
| 264 |
|
4 |
|c ©1985
|
| 300 |
|
|
|a 134 pages :
|b illustrations ;
|c 20 cm.
|
| 336 |
|
|
|a text
|b txt
|2 rdacontent
|
| 337 |
|
|
|a unmediated
|b n
|2 rdamedia
|
| 338 |
|
|
|a volume
|b nc
|2 rdacarrier
|
| 536 |
|
|
|a A gift from the library of Herbert A. Roeller, December 1998.
|
| 650 |
|
0 |
|a Christmas stories, German.
|
| 650 |
|
0 |
|a Children's stories, German.
|
| 948 |
|
|
|a cataloged
|b h
|c 2001/7/17
|d o
|e jmarner
|f 2:55:44 pm
|
| 994 |
|
|
|a E0
|b TXA
|
| 999 |
|
|
|a MARS
|
| 999 |
f |
f |
|s a18100c0-b4fe-3a55-9d95-fd3f115775da
|i e8196811-e5ff-350a-bb10-c78dcd672188
|t 0
|
| 952 |
f |
f |
|p ric
|a Texas A&M University
|b Rellis Campus
|c Joint Library Facility
|d Remote Storage
|t 0
|e PT2662.A694 S36 1985
|h Library of Congress classification
|i unmediated -- volume
|m A14827676358
|
| 998 |
f |
f |
|a PT2662.A694 S36 1985
|t 0
|l Remote Storage
|